000 00303nam a2200133Ia 4500
100 _aJawadekar/W.S.
942 _cBK
654 _amanagement
245 _aManagement Information System
260 _bTata Mc Graw hill
_aNew york
_c1998
082 _a658.0011
_bJAW
300 _a523
546 _aENGLISH
999 _c19220
_d19220